Properties of ultrasonically devulcanised and revulcanized used tire rubber and their blends with virgin natural rubber (Record no. 75286)

MARC details
000 -LEADER
fixed length control field 00540nam a22001817a 4500
100 ## - MAIN ENTRY--AUTHOR NAME
Personal name Guo, Y
245 ## - TITLE STATEMENT
Title Properties of ultrasonically devulcanised and revulcanized used tire rubber and their blends with virgin natural rubber
260 ## - PUBLICATION, DISTRIBUTION, ETC. (IMPRINT)
Name of publisher Kautschuk Gummi Kunststoffe, 76(4): 2023. 58-67.
300 ## - PHYSICAL DESCRIPTION
Other physical details August
650 ## - SUBJECT ADDED ENTRY--TOPICAL TERM
Topical Term Ultrasonic devulcanisation
650 ## - SUBJECT ADDED ENTRY--TOPICAL TERM
Topical Term Ground tire rubber
650 ## - SUBJECT ADDED ENTRY--TOPICAL TERM
Topical Term Blends
650 ## - SUBJECT ADDED ENTRY--TOPICAL TERM
Topical Term Rheology
650 ## - SUBJECT ADDED ENTRY--TOPICAL TERM
Topical Term Structure
650 ## - SUBJECT ADDED ENTRY--TOPICAL TERM
Topical Term Performance properties
700 ## - ADDED ENTRY--PERSONAL NAME
Personal name Isayev, A.I
942 ## - ADDED ENTRY ELEMENTS (KOHA)
Koha item type Journals
Holdings
Withdrawn status Lost status Damaged status Not for loan Home library Current library Date acquired Koha item type
        RRII Library RRII Library 24/05/2024 Journals